Turkmenistan Provinces - Statistics

General Stats
  • This quiz has been taken 10 times
  • The average score is 4 of 6
Answers on the Map
Answers color-coded by a green-red scale on the quiz's map according to % correct below.
 
Answer Stats
Answer % Correct
Ashgabat
100%
Balkan Region
83%
Mary Region
67%
Ahal Region
50%
Lebap Region
50%
Daşoguz Region
33%
No matching quizzes found
Score Distribution
Percent of People with Each Score
Percentile by Number Answered
Your Score History
You have not taken this quiz